000 00838nam a2200253 a 4500
001 55008
003 BD-RjUL
005 20211209080213.0
008 161113r20062000ii 001 0 eng d
020 _a8176561991
035 _a(BD-RjUL)55130
040 _aeng
_beng
_cBD-RjUL
_dBD-RjUL
041 _aeng
082 _223
_a005.133
_bPEM 2006
100 1 _aPetroutsos, Evangelos.
_9164006
245 1 0 _aMastering database programming with Visual Basic 6 /
_cEvangelos Petroutsos.
260 _aNew delhi :
_bBPB pub,
_c2000.[Preinted 2006]
300 _axxxiv, 859 p. :
_bill. ;
_c23 cm
500 _aDisc in pocket attached to inside back cover.
650 0 _aVisual programming (Computer science)
_9164007
650 0 _aVisual Basic (Computer program language)
_9164008
650 0 _aDatabase management.
_9117949
942 _2ddc
_cBK
999 _c55008
_d55008